[Event "Torredembarra op 25th"]
[Site "Torredembarra"]
[Date "2025.07.08"]
[Round "5"]
[White "Baron Isanta, Jose Maria"]
[Black "Bru Rullo, Llatzer"]
[Result "1-0"]
[WhiteElo "2283"]
[BlackElo "2259"]
[PlyCount "73"]
[EventDate "2025.07.05"]
[EventType "swiss"]
[EventRounds "9"]
[EventCountry "ESP"]
[SourceTitle "CB29_2025"]
[SourceDate "2025.07.16"]
[SourceVersion "1"]
[SourceVersionDate "2025.07.16"]
[SourceQuality "1"]

1. c4 e6 2. Nf3 d5 3. e3 Nf6 4. d4 b6 5. cxd5 exd5 6. Nc3 Bd6 7. Bd3 0-0 8. Ne5 Bb7 9. 0-0 c5 10. f4 Nc6 11. Kh1 cxd4 12. Nxc6 Bxc6 13. exd4 Re8 14. f5 Ne4 15. Qg4 Qd7 16. Bh6 Bf8 17. Bxe4 dxe4 18. d5 Bb7 19. Rad1 Ba6 20. Rf4 Kh8 21. Bg5 f6 22. Bh4 e3 23. Re1 Bd3 24. Rf3 Bc5 25. b4 Bd6 26. Bg3 Rac8 27. Bxd6 Rxc3 28. Qd4 Be2 29. Qxc3 Bxf3 30. gxf3 Qxd6 31. Rxe3 Rd8 32. Qc6 Qxc6 33. dxc6 Kg8 34. c7 Rc8 35. Re7 h5 36. Kg2 Kh7 37. Kg3 1-0

[Event "Torredembarra op 25th"]
[Site "Torredembarra"]
[Date "2025.07.07"]
[Round "4"]
[White "Bru Rullo, Llatzer"]
[Black "Palomo Teruel, Xavier"]
[Result "1-0"]
[WhiteElo "2259"]
[BlackElo "2162"]
[PlyCount "51"]
[EventDate "2025.07.05"]
[EventType "swiss"]
[EventRounds "9"]
[EventCountry "ESP"]
[SourceTitle "CB29_2025"]
[SourceDate "2025.07.16"]
[SourceVersion "1"]
[SourceVersionDate "2025.07.16"]
[SourceQuality "1"]

1. d4 d5 2. c4 e6 3. Nc3 c5 4. e3 Nf6 5. Nf3 a6 6. cxd5 exd5 7. dxc5 Bxc5 8. Be2 Nc6 9. 0-0 0-0 10. b3 Bf5 11. Bb2 Qd6 12. Rc1 Rad8 13. Na4 Ba7 14. Nd4 Bb8 15. f4 Bc8 16. Nxc6 bxc6 17. Be5 Qe7 18. Bxb8 Qxe3+ 19. Kh1 Ne4 20. Bc7 Rd7 21. Bb6 d4 22. Qe1 Nd2 23. Rf2 Re8 24. Ba5 Nxb3 25. axb3 d3 26. Bf3 1-0

[Event "Andorra op 40th"]
[Site "Escaldes"]
[Date "2024.07.24"]
[Round "5"]
[White "Bru Rullo, Llatzer"]
[Black "Ilinca Ilinca, Felix Antonio"]
[Result "1/2-1/2"]
[WhiteElo "2202"]
[BlackElo "2379"]
[PlyCount "220"]
[EventDate "2024.07.20"]
[EventType "swiss"]
[EventRounds "9"]
[EventCountry "AND"]
[SourceTitle "CBM 221 Extra"]
[Source "ChessBase"]
[SourceDate "2024.09.30"]
[SourceVersion "1"]
[SourceVersionDate "2024.09.30"]
[SourceQuality "1"]

1. d4 Nf6 2. c4 c5 3. d5 b5 4. cxb5 a6 5. e3 axb5 6. Bxb5 Qa5+ 7. Nc3 Bb7 8. Bd2 Qb6 9. Nf3 Nxd5 10. a4 e6 11. 0-0 Be7 12. e4 Nb4 13. Bf4 N8c6 14. Ne5 Qd8 15. Nc4 0-0 16. Nd6 Ba6 17. Bxa6 Rxa6 18. Ndb5 Qc8 19. Qd2 Nd4 20. Rad1 Nbc6 21. Be3 Bf6 22. f4 Qb8 23. e5 Be7 24. Kh1 Nf5 25. Bg1 Rd8 26. b3 Qb7 27. Rf3 Ncd4 28. Nxd4 cxd4 29. Nb5 d6 30. exd6 Bf6 31. Rd3 h5 32. Qe2 h4 33. Bxd4 Nxd4 34. Nxd4 Raxd6 35. Nf3 Qa6 36. Ne1 Bc3 37. Rxd6 Rxd6 38. Qxa6 Rxa6 39. Nf3 Rb6 40. Rb1 Rb4 41. Ne5 Rxf4 42. Nc6 Kh7 43. Kg1 Bd2 44. a5 e5 45. a6 Be3+ 46. Kh1 e4 47. a7 Bxa7 48. Nxa7 e3 49. Kg1 Rd4 50. Kf1 h3 51. gxh3 Rd2 52. b4 f5 53. Nc6 f4 54. Ne5 Rxh2 55. Kg1 Rxh3 56. b5 f3 57. b6 f2+ 58. Kg2 Rh2+ 59. Kxh2 e2 60. b7 f1Q 61. Rxf1 exf1Q 62. b8Q Qf2+ 63. Kh3 Qe3+ 64. Kg2 Qg5+ 65. Kf3 Qf5+ 66. Kg3 Qe4 67. Qd6 Qf5 68. Ng4 Qg6 69. Qd5 Qc2 70. Kh4 Qb1 71. Qh5+ Kg8 72. Qe8+ Kh7 73. Qe3 Qh1+ 74. Kg5 Qd5+ 75. Ne5 Qg2+ 76. Kf5 Qf1+ 77. Nf3 Qh3+ 78. Kf4 Qd7 79. Ng5+ Kg8 80. Qb3+ Kf8 81. Qb8+ Ke7 82. Qe5+ Kd8 83. Ne6+ Kc8 84. Qc5+ Kb7 85. Qb4+ Ka7 86. Qa5+ Kb8 87. Qb6+ Qb7 88. Qd6+ Ka8 89. Kg4 Qe4+ 90. Nf4 Kb7 91. Qd7+ Kb6 92. Qxg7 Kb5 93. Qd7+ Kb4 94. Qd6+ Kb3 95. Kg5 Kc2 96. Qc5+ Kb2 97. Nd5 Qe5+ 98. Kg6 Qe6+ 99. Kg7 Qe5+ 100. Kf7 Ka1 101. Qc1+ Ka2 102. Qc4+ Kb1 103. Nb4 Qf5+ 104. Ke7 Qe5+ 105. Kd7 Qg7+ 106. Ke8 Qe5+ 107. Kf8 Qf6+ 108. Ke8 Qe5+ 109. Kd8 Qf6+ 110. Kd7 Qg7+ 1/2-1/2

[Event "Andorra op 40th"]
[Site "Escaldes"]
[Date "2024.07.23"]
[Round "4"]
[White "Henriquez Villagra, Cristobal"]
[Black "Bru Rullo, Llatzer"]
[Result "1/2-1/2"]
[WhiteElo "2596"]
[BlackElo "2202"]
[PlyCount "77"]
[EventDate "2024.07.20"]
[EventType "swiss"]
[EventRounds "9"]
[EventCountry "AND"]
[SourceTitle "CBM 221 Extra"]
[Source "ChessBase"]
[SourceDate "2024.09.30"]
[SourceVersion "1"]
[SourceVersionDate "2024.09.30"]
[SourceQuality "1"]

1. e4 c5 2. Nf3 e6 3. d4 cxd4 4. Nxd4 Nc6 5. Nc3 Qc7 6. Be3 a6 7. g4 Nxd4 8. Qxd4 b5 9. 0-0-0 Bb7 10. g5 Rc8 11. a3 Ne7 12. f3 d5 13. Qb6 Qxb6 14. Bxb6 dxe4 15. Nxe4 Nd5 16. Bd4 h6 17. g6 fxg6 18. Rg1 Kf7 19. Be5 Be7 20. Bd3 Rhd8 21. Rde1 g5 22. Kb1 Nf6 23. h4 gxh4 24. f4 Bd5 25. Nc3 Bc5 26. Bg6+ Kf8 27. Nxd5 Bxg1 28. Nxf6 gxf6 29. Bxf6 Bf2 30. Rxe6 h3 31. Re7 Rd1+ 32. Ka2 Bd4 33. Rf7+ Kg8 34. Rg7+ Kf8 35. Rf7+ Kg8 36. Rd7 h2 37. Rg7+ Kf8 38. Rf7+ Kg8 39. Rg7+ 1/2-1/2

[Event "Roquetas de Mar op 35th"]
[Site "Roquetas de Mar"]
[Date "2024.01.06"]
[Round "7"]
[White "Bru Rullo, Llatzer"]
[Black "Martinez Piqueras, Carlos Gustavo"]
[Result "1-0"]
[WhiteElo "2278"]
[BlackElo "2126"]
[PlyCount "161"]
[EventDate "2024.01.02"]
[EventType "swiss"]
[EventRounds "9"]
[EventCountry "ESP"]
[SourceTitle "CBM 218 Extra"]
[Source "ChessBase"]
[SourceDate "2024.03.31"]
[SourceVersion "1"]
[SourceVersionDate "2024.03.31"]
[SourceQuality "1"]

1. d4 d5 2. c4 e6 3. Nf3 Nf6 4. g3 Bb4+ 5. Bd2 Be7 6. Bg2 c6 7. Qc2 0-0 8. 0-0 Nbd7 9. Rd1 b6 10. b3 Bb7 11. Nc3 Rc8 12. e4 c5 13. exd5 exd5 14. Be3 dxc4 15. d5 Ne8 16. d6 Bf6 17. Ng5 Bxg5 18. Bxb7 Bxe3 19. fxe3 Rb8 20. Bg2 Qg5 21. Qe4 Nef6 22. Qf4 Qe5 23. Nd5 Rbe8 24. Nxf6+ Nxf6 25. d7 Nxd7 26. Bc6 Nf6 27. Bxe8 Qxe8 28. bxc4 Qe7 29. Rd3 Ne4 30. Rad1 Ng5 31. Kg2 Qb7+ 32. Rd5 Ne6 33. Qe4 Ng5 34. Qg4 Ne6 35. Kg1 Qa6 36. R1d2 h6 37. Rd7 Qa3 38. Qe2 Qc3 39. Qd3 Qe5 40. Rd5 Qc7 41. Rf2 Ng5 42. Kg2 Qc8 43. Rd7 Qc6+ 44. Qd5 Qg6 45. Rxa7 Kh7 46. Qf5 Ne4 47. Qxg6+ Kxg6 48. Rf4 Nd6 49. Rd7 Nf5 50. Kf3 h5 51. Rd5 Nh6 52. Rd6+ f6 53. Rxb6 Ng4 54. Rxg4+ hxg4+ 55. Kxg4 Ra8 56. Rc6 Rxa2 57. h4 Ra3 58. e4 Re3 59. Kf4 Re1 60. Rxc5 Rf1+ 61. Ke3 Re1+ 62. Kf3 Rc1 63. Rc7 Kh6 64. c5 g5 65. hxg5+ Kxg5 66. c6 Rc3+ 67. Kf2 Kg6 68. Rc8 Kg7 69. c7 Kh7 70. Kg2 Kg7 71. Kh3 Rc4 72. g4 Rc3+ 73. Kh4 Rc5 74. Kg3 Rc1 75. Kf4 Rc3 76. g5 fxg5+ 77. Kxg5 Rc1 78. Kf5 Rc5+ 79. Ke6 Rc4 80. e5 Rc1 81. Rd8 1-0

[Event "Titled Tuesday intern op 19th Dec Late"]
[Site "Chess.com INT"]
[Date "2023.12.19"]
[Round "2"]
[White "Bru Rullo, Llatzer"]
[Black "Romero Ruscalleda, Josep"]
[Result "1-0"]
[WhiteElo "2278"]
[BlackElo "2160"]
[PlyCount "91"]
[EventDate "2023.12.19"]
[EventType "swiss (blitz)"]
[EventRounds "11"]
[EventCountry "USA"]
[SourceTitle "EXT 2025"]
[Source "ChessBase"]
[SourceDate "2024.10.14"]
[SourceVersion "1"]
[SourceVersionDate "2024.10.14"]
[SourceQuality "1"]

1. d4 g6 2. c4 Bg7 3. Nc3 d6 4. e4 Nc6 5. Be3 e5 6. Nge2 exd4 7. Nxd4 Nge7 8. Be2 0-0 9. 0-0 f5 10. Nxc6 Nxc6 11. exf5 Bxf5 12. Qd2 Qd7 13. Rad1 Qf7 14. Bf3 Kh8 15. Bd5 Be6 16. Nb5 Bxd5 17. cxd5 Ne5 18. Rc1 Ng4 19. Rxc7 Qf6 20. Bd4 Ne5 21. f4 g5 22. Nxd6 Nf3+ 23. Rxf3 Qxd4+ 24. Qxd4 Bxd4+ 25. Kf1 Rxf4 26. Nf7+ Kg8 27. Nxg5 Rxf3+ 28. Nxf3 Bxb2 29. Rxb7 Bf6 30. Ke2 Rc8 31. Kd3 Rc3+ 32. Ke4 Rc2 33. Kf5 Bg7 34. d6 Bf8 35. d7 Be7 36. Rb8+ Kf7 37. Ne5+ Kg7 38. Re8 Rf2+ 39. Ke6 Bf6 40. Ng4 Re2+ 41. Kf5 Rd2 42. Nxf6 Rf2+ 43. Ke5 Re2+ 44. Kf4 Rf2+ 45. Kg3 Rxf6 46. d8Q 1-0

[Event "Titled Tuesday intern op 28th Nov Late"]
[Site "Chess.com INT"]
[Date "2023.11.28"]
[Round "4"]
[White "Bjelobrk, Igor"]
[Black "Bru Rullo, Llatzer"]
[Result "1-0"]
[WhiteElo "2403"]
[BlackElo "2278"]
[PlyCount "75"]
[EventDate "2023.11.28"]
[EventType "swiss (blitz)"]
[EventRounds "11"]
[EventCountry "USA"]
[SourceTitle "EXT 2025"]
[Source "ChessBase"]
[SourceDate "2024.10.14"]
[SourceVersion "1"]
[SourceVersionDate "2024.10.14"]
[SourceQuality "1"]

1. d4 e6 2. e4 d5 3. exd5 exd5 4. Nf3 Bd6 5. c4 dxc4 6. Bxc4 Nf6 7. 0-0 0-0 8. Nc3 Bg4 9. h3 Bh5 10. Bg5 h6 11. Bh4 Nbd7 12. Re1 c6 13. g4 Bg6 14. Ne5 Bh7 15. Qb3 Qb6 16. Bxf7+ Kh8 17. Bg3 Bxe5 18. dxe5 Ne8 19. e6 Nc5 20. Qxb6 axb6 21. Re3 Bg8 22. Bxg8 Kxg8 23. f4 Nc7 24. f5 Nd5 25. Nxd5 cxd5 26. Bd6 Rfd8 27. Bc7 Rdc8 28. Bxb6 Ne4 29. Bd4 Rc4 30. Rd1 Rxa2 31. Re2 Raa4 32. Be5 Ra5 33. Kg2 Rac5 34. Kf3 Rc2 35. Rxc2 Rxc2 36. Rxd5 Ng5+ 37. Ke3 Rxb2 38. Bxb2 1-0

[Event "Titled Tuesday intern op 28th Nov Late"]
[Site "Chess.com INT"]
[Date "2023.11.28"]
[Round "1"]
[White "Bru Rullo, Llatzer"]
[Black "Freire Dos Santos, Fernando Juni"]
[Result "1-0"]
[WhiteElo "2278"]
[BlackElo "2262"]
[PlyCount "75"]
[EventDate "2023.11.28"]
[EventType "swiss (blitz)"]
[EventRounds "11"]
[EventCountry "USA"]
[SourceTitle "EXT 2025"]
[Source "ChessBase"]
[SourceDate "2024.10.14"]
[SourceVersion "1"]
[SourceVersionDate "2024.10.14"]
[SourceQuality "1"]

1. d4 Nf6 2. Nf3 g6 3. e3 Bg7 4. Be2 d6 5. c4 0-0 6. Nc3 Nc6 7. 0-0 e5 8. Qc2 Bf5 9. Qb3 exd4 10. exd4 Rb8 11. h3 Re8 12. Be3 Ne4 13. Nxe4 Bxe4 14. Rfd1 a6 15. d5 Ne5 16. Nxe5 Bxe5 17. Bf1 Qf6 18. Rd2 c5 19. a4 Bf5 20. Re1 g5 21. Bd3 Qg6 22. Bxf5 Qxf5 23. Qc2 Qxc2 24. Rxc2 b5 25. axb5 axb5 26. Bxg5 Bh2+ 27. Kxh2 Rxe1 28. Bf4 Rb6 29. cxb5 Kf8 30. b4 cxb4 31. Rc6 Rxb5 32. Bxd6+ Kg7 33. Bc5 Rd1 34. d6 b3 35. Be3 b2 36. d7 b1Q 37. Bh6+ Kg8 38. Rc8# 1-0

[Event "Foment Martinenc op-A 23rd"]
[Site "Barcelona"]
[Date "2023.06.10"]
[Round "8"]
[White "Garcia Escoda, Marc"]
[Black "Bru Rullo, Llatzer"]
[Result "0-1"]
[WhiteElo "2142"]
[BlackElo "2246"]
[PlyCount "88"]
[EventDate "2023.04.22"]
[EventType "swiss"]
[EventRounds "9"]
[EventCountry "ESP"]
[SourceTitle "EXT 2024"]
[Source "ChessBase"]
[SourceDate "2023.10.10"]
[SourceVersion "1"]
[SourceVersionDate "2023.10.10"]
[SourceQuality "1"]

1. e4 c5 2. Nf3 d6 3. Bb5+ Nd7 4. d4 cxd4 5. Qxd4 a6 6. Be2 Ngf6 7. 0-0 e5 8. Qe3 Nc5 9. Nfd2 Be7 10. c4 0-0 11. Nc3 Ng4 12. Bxg4 Bxg4 13. b4 Nd7 14. Nb3 f5 15. exf5 Bxf5 16. Nd5 Bh4 17. g3 Be7 18. f3 Be6 19. Qd3 Nb6 20. Be3 Nxd5 21. cxd5 Bd7 22. a4 Qe8 23. b5 axb5 24. a5 Rc8 25. Rac1 Rxc1 26. Bxc1 Qc8 27. Ba3 Qe8 28. Rc1 Bf5 29. Qe3 b4 30. Bxb4 Qb5 31. Qd2 h6 32. h4 Bd3 33. Rc7 Bd8 34. Rc8 Bb6+ 35. axb6 Rxc8 36. Nc1 Rxc1+ 37. Qxc1 Qxb4 38. Qc8+ Kh7 39. Kg2 Qxb6 40. h5 Qb2+ 41. Kh3 Qb4 42. Kg2 b5 43. Qe8 Qd2+ 44. Kh3 Bf1+ 0-1

[Event "Roquetas de Mar op 34th"]
[Site "Roquetas de Mar"]
[Date "2023.01.04"]
[Round "3"]
[White "Sousa, Andre Ventura"]
[Black "Bru Rullo, Llatzer"]
[Result "1-0"]
[WhiteElo "2465"]
[BlackElo "2212"]
[PlyCount "69"]
[EventDate "2023.01.03"]
[EventType "swiss"]
[EventRounds "9"]
[EventCountry "ESP"]
[SourceTitle "CBM 212 Extra"]
[Source "ChessBase"]
[SourceDate "2023.03.31"]
[SourceVersion "1"]
[SourceVersionDate "2023.03.31"]
[SourceQuality "1"]

1. d4 d5 2. Bf4 e6 3. e3 Bd6 4. Bxd6 Qxd6 5. Qg4 g6 6. Nd2 b6 7. 0-0-0 Bb7 8. Ngf3 Nd7 9. Bb5 Ngf6 10. Qh4 c6 11. Bd3 0-0-0 12. Ne5 Rdf8 13. f4 c5 14. Bb5 c4 15. c3 a6 16. Bxd7+ Nxd7 17. Nxd7 Qxd7 18. g4 h6 19. Qf2 b5 20. Kb1 Qd6 21. Nf3 f6 22. h4 Bc6 23. g5 fxg5 24. hxg5 h5 25. Ne5 Rhg8 26. Qg2 Kc7 27. Qc2 Rf5 28. Kc1 Be8 29. Kd2 Kd8 30. b3 Ke7 31. Rhf1 cxb3 32. axb3 Kf8 33. Ra1 Rg7 34. Ra5 Ra7 35. Rfa1 1-0

[Event "Catalunya-chT Gp1"]
[Site "Barcelona"]
[Date "2020.02.22"]
[Round "6.5"]
[White "Bru Rullo, Llatzer"]
[Black "Piedra Salabarria, Ernesto"]
[Result "1/2-1/2"]
[WhiteElo "2273"]
[BlackElo "2299"]
[PlyCount "107"]
[EventDate "2020.01.18"]
[EventType "team-tourn"]
[EventRounds "7"]
[EventCountry "ESP"]
[SourceTitle "CBM 195 Extra"]
[Source "ChessBase"]
[SourceDate "2020.05.31"]
[SourceVersion "1"]
[SourceVersionDate "2020.05.31"]
[SourceQuality "1"]
[WhiteTeam "Cerdanyola Valles"]
[BlackTeam "Badalona Cor de Marina"]
[WhiteTeamCountry "ESP"]
[BlackTeamCountry "ESP"]

1. d4 Nf6 2. c4 c5 3. d5 b5 4. cxb5 a6 5. bxa6 Bxa6 6. Nc3 d6 7. g3 g6 8. Bg2 Bg7 9. Nf3 0-0 10. 0-0 Nbd7 11. Rb1 Qc7 12. Qc2 Rfb8 13. Rd1 Nb6 14. b3 Nbd7 15. h3 Rb4 16. a3 Rb7 17. e3 Rab8 18. Bf1 Bxf1 19. Kxf1 Ne8 20. Nd2 Qa5 21. Ne2 Nb6 22. Nc4 Nxc4 23. Qxc4 Qb5 24. Qc2 Nc7 25. e4 e6 26. dxe6 Nxe6 27. Kg2 Qa6 28. b4 cxb4 29. axb4 Rxb4 30. Rxb4 Rxb4 31. Nf4 Nc5 32. Nd3 Rd4 33. Nxc5 dxc5 34. Be3 Rxd1 35. Qxd1 Qc6 36. Qd5 Qxd5 37. exd5 Bf8 38. Kf3 f5 39. Bf4 Kf7 40. Ke3 Bg7 41. Kd3 Bd4 42. f3 Kf6 43. Kc4 Ke7 44. Bg5+ Kd7 45. Bh6 Kc7 46. Bf8 Kb6 47. Be7 h5 48. Bd8+ Kb7 49. Kb5 Be5 50. g4 fxg4 51. fxg4 hxg4 52. hxg4 Kc8 53. Bg5 Kd7 54. Kxc5 1/2-1/2

[Event "Catalunya-chT Gp1"]
[Site "Barcelona"]
[Date "2020.02.15"]
[Round "5.5"]
[White "Bru Rullo, Llatzer"]
[Black "Molina Carretero, Daniel"]
[Result "1-0"]
[WhiteElo "2273"]
[BlackElo "2157"]
[PlyCount "65"]
[EventDate "2020.01.18"]
[EventType "team-tourn"]
[EventRounds "7"]
[EventCountry "ESP"]
[SourceTitle "CBM 195 Extra"]
[Source "ChessBase"]
[SourceDate "2020.05.31"]
[SourceVersion "1"]
[SourceVersionDate "2020.05.31"]
[SourceQuality "1"]
[WhiteTeam "Cerdanyola Valles"]
[BlackTeam "Gerunda"]
[WhiteTeamCountry "ESP"]
[BlackTeamCountry "ESP"]

1. d4 Nf6 2. c4 e6 3. Nc3 Bb4 4. e3 c5 5. Bd3 Nc6 6. Nf3 Bxc3+ 7. bxc3 d6 8. 0-0 h6 9. Re1 e5 10. Nd2 0-0 11. a4 exd4 12. cxd4 cxd4 13. exd4 Nxd4 14. Bb2 Bg4 15. Qc1 Ne6 16. Ra3 Nc5 17. Bb1 Bh5 18. f4 Re8 19. Rxe8+ Nxe8 20. Qc2 Bg6 21. f5 Bh7 22. Rg3 Qe7 23. Nf1 f6 24. Ne3 Nc7 25. Bc3 Kf8 26. Ng4 Re8 27. Nxf6 gxf6 28. Qc1 Rc8 29. Qxh6+ Ke8 30. Rg7 Qe2 31. Rxh7 Qd1+ 32. Kf2 Qxb1 33. Qg6+ 1-0

[Event "Gibraltar Masters 18th"]
[Site "Caleta"]
[Date "2020.01.27"]
[Round "7"]
[White "Mohota, Nisha"]
[Black "Bru Rullo, Llatzer"]
[Result "0-1"]
[WhiteElo "2201"]
[BlackElo "2273"]
[PlyCount "114"]
[EventDate "2020.01.21"]
[EventType "swiss"]
[EventRounds "10"]
[EventCountry "GGB"]
[SourceTitle "CBM 194 Extra"]
[Source "ChessBase"]
[SourceDate "2020.03.31"]
[SourceVersion "1"]
[SourceVersionDate "2020.03.31"]
[SourceQuality "1"]

1. d4 Nf6 2. c4 e6 3. Nc3 Bb4 4. e3 0-0 5. Bd2 b6 6. Nf3 Bb7 7. Bd3 d6 8. 0-0 Nbd7 9. b3 Qe7 10. a3 Bxc3 11. Bxc3 Ne4 12. Bb2 f5 13. Nd2 e5 14. Bxe4 fxe4 15. d5 Nf6 16. Qc2 Bc8 17. f3 exf3 18. Rxf3 Bg4 19. Rf2 Bh5 20. Raf1 Ng4 21. Rf3 Qg5 22. Qc3 Rxf3 23. Rxf3 Rf8 24. Rxf8+ Kxf8 25. Nf1 Qf5 26. Qd2 Qb1 27. b4 Bg6 28. Qc1 Qxc1 29. Bxc1 Bd3 30. h3 Nf6 31. Nd2 b5 32. cxb5 Nxd5 33. Kf2 Bxb5 34. g3 Ke7 35. Bb2 Ke6 36. Ne4 Bd3 37. Nd2 Nf6 38. g4 Kd5 39. Kf3 Ne4 40. Nb3 Bc2 41. Na5 Bd3 42. Bc1 g5 43. Kg2 Nc3 44. Bd2 Nb5 45. Bc1 Ke4 46. Nc6 a6 47. Ne7 Nc3 48. h4 gxh4 49. Kh3 Na2 50. Bd2 Kf3 51. Be1 c5 52. Nf5 c4 53. Nxd6 c3 54. Bxc3 Nxc3 55. Nf7 e4 56. Ng5+ Kxe3 57. Nxh7 Kf2 0-1

[Event "Gibraltar Masters 18th"]
[Site "Caleta"]
[Date "2020.01.26"]
[Round "6"]
[White "Bru Rullo, Llatzer"]
[Black "Represa Perez, Mireya"]
[Result "0-1"]
[WhiteElo "2273"]
[BlackElo "2081"]
[PlyCount "60"]
[EventDate "2020.01.21"]
[EventType "swiss"]
[EventRounds "10"]
[EventCountry "GGB"]
[SourceTitle "CBM 194 Extra"]
[Source "ChessBase"]
[SourceDate "2020.03.31"]
[SourceVersion "1"]
[SourceVersionDate "2020.03.31"]
[SourceQuality "1"]

1. d4 Nf6 2. c4 e6 3. Nc3 Bb4 4. e3 b6 5. Bd3 Bb7 6. Nf3 Ne4 7. 0-0 Bxc3 8. bxc3 0-0 9. Ne1 f5 10. f3 Ng5 11. c5 d6 12. cxd6 cxd6 13. Ba3 Rf6 14. Rb1 Nc6 15. Qe2 d5 16. c4 Ba6 17. cxd5 Bxd3 18. Nxd3 exd5 19. Rfc1 Rh6 20. Rc2 Qe8 21. Nf4 Rd8 22. Rbc1 Ne6 23. Nd3 Na5 24. Ne5 f4 25. Bb4 Nc4 26. Nxc4 dxc4 27. Rxc4 Nxd4 28. Qb2 Qxe3+ 29. Kh1 Ne2 30. h3 Rxh3+ 0-1

[Event "Gibraltar Masters 18th"]
[Site "Caleta"]
[Date "2020.01.25"]
[Round "5"]
[White "Ladron de Guevara Pinto, Paolo"]
[Black "Bru Rullo, Llatzer"]
[Result "1-0"]
[WhiteElo "2445"]
[BlackElo "2273"]
[PlyCount "91"]
[EventDate "2020.01.21"]
[EventType "swiss"]
[EventRounds "10"]
[EventCountry "GGB"]
[SourceTitle "CBM 194 Extra"]
[Source "ChessBase"]
[SourceDate "2020.03.31"]
[SourceVersion "1"]
[SourceVersionDate "2020.03.31"]
[SourceQuality "1"]

1. e4 c5 2. Nf3 e6 3. d4 cxd4 4. Nxd4 Nc6 5. Nb5 d6 6. Bf4 e5 7. Be3 Be7 8. c4 Nf6 9. N1c3 a6 10. Na3 Ng4 11. Bc1 Qb6 12. Qd2 0-0 13. Nd5 Qd8 14. f3 Nh6 15. Nxe7+ Qxe7 16. Qf2 f5 17. Bxh6 gxh6 18. Bd3 f4 19. Nc2 Be6 20. 0-0 Kh8 21. Rfd1 Rg8 22. Bf1 Rg6 23. Rd2 Rag8 24. Kh1 h5 25. Rad1 Bc8 26. b4 h4 27. h3 Nd8 28. c5 dxc5 29. Qxc5 Qxc5 30. bxc5 Nc6 31. Bc4 Rf8 32. a3 Kg7 33. Bd5 Re8 34. Rb1 Rd8 35. Ne1 Ne7 36. Rbb2 Kf6 37. Rd3 Rg3 38. Bxb7 Rxd3 39. Nxd3 Bxh3 40. gxh3 Rxf3 41. Bxa6 Rxh3+ 42. Rh2 Re3 43. Rxh4 Rxe4 44. Rh6+ Kg7 45. Re6 Ng6 46. c6 1-0

[Event "Gibraltar Masters 18th"]
[Site "Caleta"]
[Date "2020.01.23"]
[Round "3"]
[White "Gunina, Valentina"]
[Black "Bru Rullo, Llatzer"]
[Result "1-0"]
[WhiteElo "2461"]
[BlackElo "2273"]
[PlyCount "75"]
[EventDate "2020.01.21"]
[EventType "swiss"]
[EventRounds "10"]
[EventCountry "GGB"]
[SourceTitle "CBM 194 Extra"]
[Source "ChessBase"]
[SourceDate "2020.03.31"]
[SourceVersion "1"]
[SourceVersionDate "2020.03.31"]
[SourceQuality "1"]

1. e4 c5 2. Nf3 e6 3. b3 b6 4. Bd3 Bb7 5. 0-0 d6 6. Bb2 Nf6 7. Qe2 Be7 8. e5 dxe5 9. Bb5+ Nbd7 10. Nxe5 a6 11. Bc6 Qc7 12. Bxb7 Qxb7 13. d4 0-0 14. Nxd7 Nxd7 15. dxc5 Nxc5 16. Nd2 Rfd8 17. Rad1 b5 18. Rfe1 a5 19. Nf1 Rac8 20. Ng3 f6 21. Qg4 g6 22. h4 Kf7 23. Qf4 Rxd1 24. Rxd1 Rd8 25. Rxd8 Bxd8 26. Qh6 Kg8 27. h5 Qf7 28. Qe3 Nd7 29. hxg6 hxg6 30. Qd3 b4 31. Ne4 e5 32. Nd6 Qg7 33. Qd5+ Kf8 34. Bc1 g5 35. Be3 Qg8 36. Qa8 Kg7 37. g4 Bc7 38. Ne8+ 1-0

[Event "Catalunya-chT Gp1"]
[Site "Barcelona"]
[Date "2020.01.18"]
[Round "1.6"]
[White "Almeida Toledano, Daniel"]
[Black "Bru Rullo, Llatzer"]
[Result "1/2-1/2"]
[WhiteElo "2257"]
[BlackElo "2273"]
[PlyCount "68"]
[EventDate "2020.01.18"]
[EventType "team-tourn"]
[EventRounds "7"]
[EventCountry "ESP"]
[SourceTitle "CBM 194 Extra"]
[Source "ChessBase"]
[SourceDate "2020.03.31"]
[SourceVersion "1"]
[SourceVersionDate "2020.03.31"]
[SourceQuality "1"]
[WhiteTeam "Foment Martinenc"]
[BlackTeam "Cerdanyola Valles"]
[WhiteTeamCountry "ESP"]
[BlackTeamCountry "ESP"]

1. e4 c5 2. Nf3 e6 3. b3 b6 4. Bb2 Bb7 5. Qe2 d6 6. g3 Nf6 7. d3 Be7 8. Bg2 Nc6 9. 0-0 0-0 10. Nbd2 b5 11. Rfe1 Nd7 12. c3 Bf6 13. Nf1 b4 14. c4 a5 15. a4 bxa3 16. Rxa3 Rb8 17. Rd1 Bxb2 18. Qxb2 e5 19. Rda1 Ra8 20. Ne3 Nd4 21. Qd2 Nc6 22. Nf5 Ndb8 23. h4 Bc8 24. Bh3 Na6 25. Kh2 Rb8 26. Ne3 Bxh3 27. Kxh3 Rb7 28. Kg2 Qd7 29. Qd1 Rfb8 30. h5 Nc7 31. Nf5 Ne6 32. Rb1 h6 33. Qc1 Kh7 34. Qd2 Rb4 1/2-1/2

[Event "Sitges Sunway op 6th"]
[Site "Sitges"]
[Date "2019.12.15"]
[Round "3"]
[White "Maghsoodloo, Parham"]
[Black "Bru Rullo, Llatzer"]
[Result "1-0"]
[WhiteElo "2690"]
[BlackElo "2296"]
[PlyCount "105"]
[EventDate "2019.12.13"]
[EventType "swiss"]
[EventRounds "10"]
[EventCountry "ESP"]
[SourceTitle "CBM 193 Extra"]
[Source "ChessBase"]
[SourceDate "2020.01.31"]
[SourceVersion "1"]
[SourceVersionDate "2020.01.31"]
[SourceQuality "1"]

1. Nf3 Nf6 2. c4 b6 3. g3 Bb7 4. Bg2 g6 5. b3 Bg7 6. Bb2 c5 7. 0-0 0-0 8. d4 cxd4 9. Qxd4 d6 10. Rd1 Nbd7 11. Nc3 Ne4 12. Qe3 Nxc3 13. Bxc3 Bxc3 14. Qxc3 Qc7 15. Ne1 a6 16. Qe3 Nf6 17. a4 Rab8 18. Bxb7 Qxb7 19. Nd3 Rfc8 20. Nb4 Rc5 21. Qd2 Qc8 22. f3 h5 23. Kg2 h4 24. Nd3 Rh5 25. Nf4 Rh7 26. g4 Nxg4 27. fxg4 Qxg4+ 28. Kf2 Qf5 29. Ke1 Qe4 30. Kf2 Qf5 31. e4 Qxe4 32. Rg1 Qf5 33. Ke2 h3 34. Nd5 Qe5+ 35. Qe3 Qb2+ 36. Kf3 e6 37. Qc3 Qxc3+ 38. Nxc3 Kf8 39. Rgd1 Ke7 40. Ne4 Rd8 41. a5 bxa5 42. Rxa5 Rb8 43. Rxa6 Rxb3+ 44. Kg4 Rb2 45. c5 dxc5 46. Ra7+ Kf8 47. Nf6 Rg2+ 48. Kf3 Rh4 49. Rdd7 Kg7 50. Rxf7+ Kh6 51. Ne4 Rxe4 52. Kxe4 Rxh2 53. Kf4 1-0

[Event "EU-ch blitz"]
[Site "Tallinn"]
[Date "2019.12.07"]
[Round "11"]
[White "Thorfinnsson, Bragi"]
[Black "Bru Rullo, Llatzer"]
[Result "1/2-1/2"]
[WhiteElo "2422"]
[BlackElo "2242"]
[PlyCount "100"]
[EventDate "2019.12.07"]
[EventType "swiss (blitz)"]
[EventRounds "22"]
[EventCountry "EST"]
[SourceTitle "CBM 193 Extra"]
[Source "ChessBase"]
[SourceDate "2020.01.31"]
[SourceVersion "1"]
[SourceVersionDate "2020.01.31"]
[SourceQuality "1"]

1. d4 Nf6 2. Nc3 e6 3. a3 a6 4. Bf4 c5 5. e3 Nc6 6. Nf3 Be7 7. h3 h6 8. Be2 0-0 9. 0-0 b5 10. d5 exd5 11. Nxd5 Nxd5 12. Qxd5 Bf6 13. c3 c4 14. e4 Re8 15. Rad1 Qe7 16. Rfe1 Bb7 17. e5 Bg5 18. Bxg5 hxg5 19. Qxd7 Rad8 20. Qxe7 Rxe7 21. Rxd8+ Nxd8 22. Rd1 Nc6 23. Rd5 f6 24. Rc5 Nxe5 25. Nxe5 Rxe5 26. Rxe5 fxe5 27. Bg4 Kf7 28. g3 Kf6 29. Kf1 Be4 30. Ke2 g6 31. Bf3 Bxf3+ 32. Kxf3 Kf5 33. Ke3 Kf6 34. Ke4 Ke6 35. f3 a5 36. f4 exf4 37. gxf4 gxf4 38. Kxf4 Kf6 39. Kg4 g5 40. Kg3 Kf5 41. Kf3 Ke5 42. Ke3 Kd5 43. Kf3 Ke5 44. Kg4 Kf6 45. Kg3 Ke5 46. Kf3 Kf5 47. Ke3 Ke5 48. Kf3 Kf5 49. Kg3 Ke5 50. Kg4 Kf6 1/2-1/2